[Event "Asia zt 3.2"]
[Site "Dhaka"]
[Date "2023.05.05"]
[Round "4"]
[White "Siam, Chowdhury"]
[Black "Rayan, Rashid Mugdho"]
[Result "1-0"]
[WhiteElo "1765"]
[BlackElo "1487"]
[PlyCount "36"]
[EventDate "2023.05.02"]
[EventType "swiss"]
[EventRounds "9"]
[EventCountry "BAN"]
[SourceTitle "CBM 214 Extra"]
[Source "ChessBase"]
[SourceDate "2023.07.31"]
[SourceVersion "1"]
[SourceVersionDate "2023.07.31"]
[SourceQuality "1"]

1. e4 c5 2. Nc3 d6 3. g3 a6 4. Bg2 e5 5. d3 Nf6 6. h3 Be7 7. Be3 Be6 8. Nge2 Nbd7 9. 0-0 0-0 10. f4 Nb6 11. f5 Bd7 12. g4 Ne8 13. Qd2 f6 14. Ng3 c4 15. Kh2 cxd3 16. cxd3 Rc8 17. Qd1 Bc6 18. Qb3+ Kh8 1-0

[Event "Asia zt 3.2"]
[Site "Dhaka"]
[Date "2023.05.04"]
[Round "3"]
[White "Hossain, Enayet Mohammed"]
[Black "Rayan, Rashid Mugdho"]
[Result "1-0"]
[WhiteElo "1930"]
[BlackElo "1487"]
[PlyCount "103"]
[EventDate "2023.05.02"]
[EventType "swiss"]
[EventRounds "9"]
[EventCountry "BAN"]
[SourceTitle "CBM 214 Extra"]
[Source "ChessBase"]
[SourceDate "2023.07.31"]
[SourceVersion "1"]
[SourceVersionDate "2023.07.31"]
[SourceQuality "1"]

1. d4 e6 2. e4 d5 3. e5 c5 4. c3 Nc6 5. Nf3 Qb6 6. Bd3 Bd7 7. Be2 cxd4 8. cxd4 Nge7 9. b3 Nf5 10. Bb2 Bb4+ 11. Kf1 0-0 12. a3 Be7 13. g4 Nh4 14. Nbd2 Nxf3 15. Nxf3 f6 16. Kg2 fxe5 17. dxe5 Rad8 18. Rf1 Bc5 19. b4 Be7 20. Rc1 Rf4 21. h3 Rdf8 22. b5 Na5 23. Bd4 Qd8 24. Be3 R4f7 25. a4 b6 26. Nd4 Bc5 27. Rc3 Qe7 28. Qc1 Bxd4 29. Bxd4 Qb4 30. Qd1 Rf4 31. Rd3 Nc4 32. Bc3 Qc5 33. Bd4 Qb4 34. Qa1 Nd2 35. Rd1 Ne4 36. f3 Ng5 37. h4 Nf7 38. Qc1 Nd8 39. Qa1 Nb7 40. Be3 R4f7 41. Rd4 Qe7 42. Bg5 Qe8 43. h5 h6 44. Be3 Nc5 45. Qb1 Re7 46. Rh1 a6 47. bxa6 Nxa4 48. Qb4 Ref7 49. f4 Qe7 50. Rc1 Qxb4 51. Rxb4 Rb8 52. Bd1 1-0